| 000 | 00667cam a2200241 i 4500 | ||
|---|---|---|---|
| 001 | 868463 | ||
| 003 | NUST | ||
| 005 | 20220305133852.0 | ||
| 008 | 790911s1978 nyu 000 1 eng | ||
| 010 | _a 79115155 | ||
| 038 | _awaseem | ||
| 040 |
_aDLC _cDLC _dDLC |
||
| 050 | 0 | 0 |
_aPZ4.C522 _bFac _aPS3553.H358 |
| 082 | 0 | 0 |
_a813.54 _bCHE |
| 100 | 1 |
_aCherryh, C. J. _990239 |
|
| 245 | 1 | 4 |
_aThe faded sun, Kesrith / _cby C. J. Cherryh. |
| 260 |
_aGarden City, N.Y. : _bN. Doubleday, _cc1978. |
||
| 300 |
_a248 p. ; _c21 cm. |
||
| 563 | _aHBK. | ||
| 655 | 7 |
_aScience fiction. _2gsafd _990240 |
|
| 906 |
_a7 _bcbc _corignew _d2 _encip _f19 _gy-gencatlg |
||
| 942 |
_2ddc _cBK |
||
| 999 |
_c588581 _d588581 |
||